Korean Vocab Quiz: Places - Statistics

General Stats
  • This quiz has been taken 575 times
  • The average score is 9 of 20
Answer Stats
Korean Word English Translation % Correct
학교 / hakgyo school
92%
카페 / kape cafe
91%
노래방 / noraebang karaoke
85%
캠프 / kaempeu camp
74%
식당 / sikdang diner
71%
산 / san mountain
69%
도서관 / doseogwan library
63%
영화관 / yeonghwagwan movie theater
46%
바닷가 / badatga beach
44%
공항 / gonghang airport
41%
백화점 / baekhwajeom department store
39%
기차역 / gichayeok train station
39%
숲 / sup forest
38%
교회에 / gyohoee church
28%
서점 / seojeom bookstore
27%
극장 / geukjang theater
24%
농장 / nongjang farm
23%
정원 / jeongwon garden
19%
경기장 / gyeonggijang stadium
18%
교도소 / gyodoso jail
11%
No matching quizzes found
Score Distribution
Percent of People with Each Score
Percentile by Number Answered
Your Score History
You have not taken this quiz